अंडमान का हिंदी साहित्य (Record no. 1002446)

MARC details
000 -LEADER
fixed length control field 00430nam a2200133Ia 4500
008 - FIXED-LENGTH DATA ELEMENTS--GENERAL INFORMATION
fixed length control field 151001s9999||||xx |||||||||||||| ||und||
100 ## - MAIN ENTRY--PERSONAL NAME
Personal name व्यासमनी त्रिपाठी
245 ## - TITLE STATEMENT
Title अंडमान का हिंदी साहित्य
250 ## - EDITION STATEMENT
Edition statement 1
260 ## - PUBLICATION, DISTRIBUTION, ETC. (IMPRINT)
Name of publisher, distributor, etc साहित्य अकादमी नई दिल्ली
260 ## - PUBLICATION, DISTRIBUTION, ETC. (IMPRINT)
Date of publication, distribution, etc २०१३
300 ## - PHYSICAL DESCRIPTION
Extent 288
365 ## - TRADE PRICE
Price amount 21

No items available.